000 01358nam0a22003371 4500
001 v19\rc\1994557
005 20251118181236.9
035 _a(NLR Aleph) 005070955
090 _a7095059
_c7095059
100 _a20080811e19141914|||y0rusy50 ca
101 0 _arus
102 _aRU
105 _aa z |||c|
200 1 _aКраткий очерк геологического строения Бельского уезда Смоленской губернии
_e(Предвар. отчет)
_fВ.Г. Хименков
210 _aПетроград
_cтип. М.М. Стасюлевича
_d1914
215 _a629-679 с.
_cчерт.
_d24
300 _aОбл. на рус. и фр. яз.; рез. на фр. яз.
309 _aБез тит. л.
311 _aОтт. из т. 33, № 253 "Изв. Геол. ком."
316 _aЭкз. РНБ (40.17.7.191): 2-й экз. с автогр. авт.
_5NLR: 40.17.7.191
488 0 _12001#$aИзвестия Геологического комитета$vТ. 33, № 253
700 1 _aХименков
_bВ. Г.
_f1881-1949
_gВиктор Гаврилович
801 0 _aRU
_bNLR
_gpsbo
801 0 _aRU
_bRuMoRGB
_2psbo
801 1 _aRU
_bProSoft-M
_2rusmarc
852 _aNLR
_j40.17.7.191
899 _aRuMoRGB
_jV 83/109
899 _aБАН
899 _aRuMoRGB
_jV 39/363
942 _cBOOK
980 _aNB